A 2008-as pénzügyi válság után bekövetkezett bankszabályozási változások és azok hatása a befektetési banki kontrolling funkciókra

Bibliographic Details
Main Author: Kertész Gábor
Other Authors: Ábel Prof. Dr. István
Format: Thesis
Kulcsszavak:2008-as gazdasági világválság
befektetési bank
bankszabályozás
Online Access:http://dolgozattar.uni-bge.hu/16420

MARC

LEADER 00000nta a2200000 i 4500
001 dolg16420
005 20190403122551.0
008 180514suuuu hu om 000 hun d
040 |a BGE Dolgozattár Repozitórium  |b hun 
041 |a hu 
100 1 |a Kertész Gábor 
245 1 2 |a A 2008-as pénzügyi válság után bekövetkezett bankszabályozási változások és azok hatása a befektetési banki kontrolling funkciókra  |c Kertész Gábor  |h [elektronikus dokumentum] 
695 |a 2008-as gazdasági világválság 
695 |a befektetési bank 
695 |a bankszabályozás 
700 1 |a Ábel Prof. Dr. István  |e ths 
856 4 0 |u http://dolgozattar.uni-bge.hu/16420/1/Szakdolgozat%20-%20Kert%C3%A9sz%20G%C3%A1bor.pdf  |z Dokumentum-elérés